| 000 | 01141nam a22002657a 4500 | ||
|---|---|---|---|
| 005 | 20220409094738.0 | ||
| 008 | 220408b ||||| |||| 00| 0 eng d | ||
| 020 | _a8171679447 | ||
| 040 | _cAloy | ||
| 041 | _aeng | ||
| 082 |
_223 _a929 _bWEIF |
||
| 100 |
_aEdel Weis _928824 |
||
| 245 |
_aField Marshal Cariappa: _bThe man who touched the sky |
||
| 260 |
_aNew Delhu _bRupa & Co _c2002 |
||
| 300 |
_a56 p. _bHB _c16x13 cm. |
||
| 365 |
_2Military Science _b95.00 _c₹ _d95.00 |
||
| 440 |
_aCharitavali Series _928621 |
||
| 520 | _aHe became a legend in the Indian Army, who is still revered by the jawans, Brilliant General, brave fighter, Field Marshal Cariappa was first of all, a soldier of the people. Cariappa would become the first Indian Commander-in-Chief of the Army of Independent India. A courageous, outspoken and humane man till the end, he remained the champion of jawans and ex-servicemen. This book chronicles his life and career. | ||
| 650 |
_aMaking of a Warrior _928608 |
||
| 650 |
_aImportant Landmarks _928609 |
||
| 650 | _2Generals | ||
| 650 | _2Biography | ||
| 700 |
_aWEIS (Edel) _928610 |
||
| 942 |
_2ddc _cGF |
||
| 999 |
_c222293 _d222293 |
||